Machanics of Machines: Advanced theory and Examples (Record no. 7489)

000 -LEADER
fixed length control field 00396nam a2200145Ia 4500
008 - FIXED-LENGTH DATA ELEMENTS--GENERAL INFORMATION
fixed length control field 200103s9999||||xx |||||||||||||| ||und||
020 ## - INTERNATIONAL STANDARD BOOK NUMBER
International Standard Book Number 0713132531,
082 ## - DEWEY DECIMAL CLASSIFICATION NUMBER
Classification number Column-31
100 ## - MAIN ENTRY--PERSONAL NAME
Personal name Hannah, John and Stephens, R. C.
245 #0 - TITLE STATEMENT
Title Machanics of Machines: Advanced theory and Examples
260 ## - PUBLICATION, DISTRIBUTION, ETC. (IMPRINT)
Name of publisher, distributor, etc Edward Arnold & Co., London
Date of publication, distribution, etc 1972
300 ## - PHYSICAL DESCRIPTION
Extent viii, 456
942 ## - ADDED ENTRY ELEMENTS (KOHA)
Item type Books
Holdings
Withdrawn status Lost status Damaged status Not for loan Shelving location Date acquired Barcode Date last seen Koha item type
          2020-01-08 MPC1776 2025-03-17 Books
Copyright © 2021 Indian Maritime University, Mumbai Port Campus. All Rights Reserved. Managed & Maintained by Central Library, IMU-Mumbai

webs counters

Powered by Koha